1083 1122 1539 1781 1678 1643 1223 1899 1027 1695 1960 1835 1508 1690 1023 1881 1483 1365 1953 1589 1189 1103 1182 1489 1992 1771 1817 1903 1504 1621 1391 1635 1504 1897 1145 1086 1717 1747 1192 1108 1419 1134 1484 1559 1630 1515 1681 1896 1149 1642 1277 1630 1919 1894 1611 1294 1882 1266 1466 1354 1004 1118 1018 1871 1807 1464 1241 1078 1469 1270 1975 1110 1994 1222 1201 1557 1445 1893 1690 1632 1276 1580 1189 1676 1630 1739 1511 1460 1225 1965 1257 1634 1197 1165 1289 1383 1894 1081 1621 BCNSPRNW ULIB Ver.6.0+V

เปลี่ยนเป็นภาษาไทย

Change to English
 แสดงรายละเอียดบรรณานุกรม
  กลับหน้าหลัก

Brief Record : Get Marc (ISO 2709) : E-mail record : QR code < ปิดหน้าต่าง
LEADER : 00000nam 2200000uu 4500
001    13399113559
003     ULIB
008    111128s2552||||th 000 0 tha d
020    ^a9786160600335
090    ^aนว.^bจ757I 2552
100 0  ^aเจ้าปลาน้อย
245 00 ^aสะกดรักผูกหัวใจยัยตัวดี/^cI Love You, Jinny
250    ^aพิมพ์ครั้งที่ 1
260    ^aกรุงเทพฯ :^bแจ่มใส,^c2552
300    ^a210 หน้า
710 1  ^aแจ่มใส
945    ^p159^l0^i16304
995    ^aกัณชพร
999    ^aใช้งานได้ทุกระบบ
รายการนี้ยังไม่มีแท็ก
คุณยังไม่ได้ล็อกอิน คุณสามารถมีกิจกรรมร่วมกับเว็บไซต์ได้ แต่ต้องล็อกอินก่อน ::
  ล็อกอิน

รายการสื่อสารสนเทศ

ลำดับที่ ประเภท เลขเรียก/บาร์โค้ด สถานที่ สถานะ
1. นวนิยาย
นวนิยาย
นว. จ757I 2552  
  Barcode: 16304
ห้องสมุดวิทยาเขตสวรรค์ประชารักษ์
►นวนิยาย
บนชั้น
  ขอยืม

รายการใกล้เคียง
    ผู้แต่ง [เจ้าปลาน้อย]

BibComment


ยังไม่เคยถูกคอมเมนท์

คอมเมนท์ทรัพยากรรายการนี้
  คอมเมนท์: สะกดรักผูกหัวใจย..


 Copyright 2026. Bcnsprnw @Library